00843nam a2200157Ia 4500008004100000020001800041082002100059245014700080260005400227300001100281440004300292650019100335700004200526952010000568999001700668120622s9999 xx 000 0 und d a968-895-393-8 a337.720164 A641e aLa apertura económica de México y la Cuenca del Pacífico : perspectivas de intercambio y cooperación / comp. Juan José Palacios Lara aGuadalajara, Jalisco : Universidad de Guadalajara a198 p. aJornadas académicas. Serie coloquios a1. MEXICO - RELACIONES ECONOMICAS EXTERIORES - CUENCA DEL PACIFICO (REGION) \ 2. CUENCA DEL PACIFICO (REGION) - RELACIONES ECONOMICAS EXTERIORES - MEXICO \ 3. APERTURA ECONOMICA - MEXICO aPalacios Lara, Juan José ; comp.Ì 00102lcc4070a22b22d2007-01-25l0o337.720164 A641Ep01 003149r2023-07-20w2012-06-24yLB c58864d58864